Výskum technológie výroby rúr z gradientného polotovaru : dizertačná práca

Gespeichert in:
Bibliographische Detailangaben
1. Verfasser: Balážová, Mariana, 1984- (Verfasst von)
Weitere Verfasser: Bílik, Jozef, 1961- (Betreuung Doktorarbeit)
Format: Manuskript Buch
Sprache:Slowakisch
Veröffentlicht: Trnava : STU v Bratislave MTF UVTE, 2013
Schlagworte:
Online-Zugang:VAIS
Tags: Tag hinzufügen
Keine Tags, Fügen Sie das erste Tag hinzu!

MARC

LEADER 00000ntm a22000003a 4500
001 stu266640
005 20150617230222.9
008 130514s2013----xo------------------slo-d
040 |a STU  |b slo 
041 0 |a slo 
044 |a xo 
100 1 |a Balážová, Mariana,  |d 1984-  |4 aut  |u M3000  |U MTF Materiálovotechnologická fakulta  |T MTF Ústav výrobných technológií  |X 34834  |U M3000  |Y 83  |7 A000034834 
242 0 0 |a Research production technology of pipe from gradient half product.  |y eng 
245 1 |a Výskum technológie výroby rúr z gradientného polotovaru :  |b dizertačná práca 
260 |a Trnava :  |b STU v Bratislave MTF UVTE,  |c 2013 
300 |a 117 s  |c príl 
500 |a Študijný program: Strojárske technológie a materiály 
500 |a Číslo študijného odboru: 2307 
500 |a Názov študijného odboru: 5.2.7 strojárske technológie a materiály 
650 7 |a strojárske technológie a materiály  |2 stusub 
650 7 |a Machine Technologies and Materials  |2 estusub 
650 7 |a physical simulation  |2 estusub 
650 7 |a numerická simulácia  |2 stusub 
700 1 |a Bílik, Jozef,  |d 1961-  |4 ths  |u M3000  |U MTF Materiálovotechnologická fakulta  |T MTF Ústav výrobných technológií  |X 1547  |U M3000  |Y 83  |7 A000001547 
856 4 |a info a plný text  |u http://is.stuba.sk/zp/portal_zp.pl?podrobnosti=66837  |3 VAIS 
996 |c M*DzP-368  |l MMSKP  |s P  |a 0  |w stu266640_0001